000
00295nam a2200109 4500
999
_c
9924
_d
9924
008
180723b ||||| |||| 00| 0 eng d
245
_a
Farming and tourism a profitable match.
260
_a
Philippines
_b
Manila Bulletin
_c
c2016
300
_a
page 8.
650
0
_9
29306
_a
Tourism.
942
_2
ddc
_c
PER